Organic chemistry / (Record no. 3975)

MARC details
000 -LEADER
fixed length control field 01104cam a2200361 a 4500
001 - CONTROL NUMBER
control field 15991203
003 - CONTROL NUMBER IDENTIFIER
control field OSt
005 - DATE AND TIME OF LATEST TRANSACTION
control field 20160510191414.0
008 - FIXED-LENGTH DATA ELEMENTS--GENERAL INFORMATION
fixed length control field 091120s2011 maua 001 0 eng
010 ## - LIBRARY OF CONGRESS CONTROL NUMBER
LC control number 2009046235
020 ## - INTERNATIONAL STANDARD BOOK NUMBER
International Standard Book Number 9780321663139
020 ## - INTERNATIONAL STANDARD BOOK NUMBER
International Standard Book Number 0321663136
020 ## - INTERNATIONAL STANDARD BOOK NUMBER
International Standard Book Number 9780321697684
020 ## - INTERNATIONAL STANDARD BOOK NUMBER
International Standard Book Number 0321697685
035 ## - SYSTEM CONTROL NUMBER
System control number (OCoLC)ocn457158767
040 ## - CATALOGING SOURCE
Original cataloging agency DLC
Transcribing agency DLC
Modifying agency YDX
-- YDXCP
-- CDX
-- DEBBG
-- DLC
050 00 - LIBRARY OF CONGRESS CALL NUMBER
Classification number QD251.3
Item number .B78 2011
082 00 - DEWEY DECIMAL CLASSIFICATION NUMBER
Classification number 547
Edition number 22
084 ## - OTHER CLASSIFICATION NUMBER
Classification number CHE 600f
Number source stub
084 ## - OTHER CLASSIFICATION NUMBER
Classification number VK 5010
Number source rvk
084 ## - OTHER CLASSIFICATION NUMBER
Classification number 547
Number source BRU 2001
100 1# - MAIN ENTRY--PERSONAL NAME
Personal name Bruice, Paula Yurkanis,
Dates associated with a name 1941-
9 (RLIN) 8698
245 10 - TITLE STATEMENT
Title Organic chemistry /
Statement of responsibility, etc. Paula Yurkanis Bruice.
250 ## - EDITION STATEMENT
Edition statement 6th ed.
260 ## - PUBLICATION, DISTRIBUTION, ETC. (IMPRINT)
Place of publication, distribution, etc. Boston :
Name of publisher, distributor, etc. Prentice Hall,
Date of publication, distribution, etc. 2011.
300 ## - PHYSICAL DESCRIPTION
Extent xxxi, 1263, [72] p. :
Other physical details col.ill ;
Dimensions 29 cm.
500 ## - GENERAL NOTE
General note Includes index.
650 #0 - SUBJECT ADDED ENTRY--TOPICAL TERM
Topical term or geographic name as entry element Chemistry, Organic
Form subdivision Textbooks.
9 (RLIN) 8582
655 #7 - INDEX TERM--GENRE/FORM
Genre/form data or focus term Lehrbuch.
Source of term swd
9 (RLIN) 8699
906 ## - LOCAL DATA ELEMENT F, LDF (RLIN)
a 7
b cbc
c orignew
d 1
e ecip
f 20
g y-gencatlg
942 ## - ADDED ENTRY ELEMENTS (KOHA)
Source of classification or shelving scheme Dewey Decimal Classification
Koha item type Short Loan
Holdings
Withdrawn status Lost status Source of classification or shelving scheme Damaged status Not for loan Home library Current library Date acquired Inventory number Total Checkouts Full call number Barcode Date last seen Price effective from Koha item type
    Dewey Decimal Classification     MUST Main Library MUST Main Library 10/05/2016 2011/35135   547 BRU 2001 2016-1750 10/05/2016 10/05/2016 Short Loan